| 000 | 00610nam a22001937a 4500 | ||
|---|---|---|---|
| 003 | OSt | ||
| 005 | 20260218075822.0 | ||
| 008 | 260218b |||||||| |||| 00| 0 eng d | ||
| 020 | _a9718170154 | ||
| 040 |
_aDWCL-Main Lib _cOC |
||
| 082 | _aFil. 070 So714 2000 | ||
| 100 | _aSoriano, Robert F. | ||
| 245 | _aNewspaper management : a course module for college students | ||
| 260 |
_bBooklore Publishing Corporation, _cc2000. |
||
| 300 |
_aiv, 181 pages : _billustrations ; _c26 cm. |
||
| 504 | _a1. Includes glossary and bibliographical references. | ||
| 650 | _aJournalism. | ||
| 942 |
_2ddc _cBK-FIL _mFil. _n0 |
||
| 999 |
_c8443 _d8443 |
||